Nové druhy rizík: hrozba alebo príležitosť pre poisťovne?
Identifikácia možnosti prístupu poistného priemyslu k novým druhom rizík a pohľad poistnej praxe na túto oblasť. Poisťovne vnímajú nové druhy rizík vo väčšej miere ako riziká pre ich podnikateľskú činnosť a ich obchodno-podnikateľský potenciál predstavuje len málo pochopenú oblasť.
Saved in:
| Main Author: | |
|---|---|
| Format: | Book Chapter |
| Language: | Slovak |
| Subjects: | |
| Tags: |
No Tags, Be the first to tag this record!
|
MARC
| LEADER | 00000nla a2200000 4500 | ||
|---|---|---|---|
| 001 | 0190969 | ||
| 005 | 20240502073218.4 | ||
| 041 | 0 | |a slo | |
| 044 | |a SK | ||
| 245 | 1 | 0 | |a Nové druhy rizík: hrozba alebo príležitosť pre poisťovne? |c Zuzana Brokešová |
| 520 | |a Identifikácia možnosti prístupu poistného priemyslu k novým druhom rizík a pohľad poistnej praxe na túto oblasť. Poisťovne vnímajú nové druhy rizík vo väčšej miere ako riziká pre ich podnikateľskú činnosť a ich obchodno-podnikateľský potenciál predstavuje len málo pochopenú oblasť. | ||
| 610 | 2 | 0 | |a poisťovníctvo |
| 610 | 2 | 0 | |a riziko poistné |
| 610 | 2 | 0 | |a Slovensko |
| 100 | 1 | |a Brokešová, Zuzana, 1985- | |